Signals and systems / (Record no. 35168)

MARC details
000 -LEADER
fixed length control field 02868nam a22003977a 4500
005 - DATE AND TIME OF LATEST TRANSACTION
control field 2010040902532.0
008 - FIXED-LENGTH DATA ELEMENTS--GENERAL INFORMATION
fixed length control field 091029t xxu||||| |||| 00| 0 eng d
010 ## - LCCN (DPL NO)
LC control number ENG-96004 B-422856-865
020 ## - INTERNATIONAL STANDARD BOOK NUMBER
International Standard Book Number 9780070151390
Terms of availability 295.00
020 ## - INTERNATIONAL STANDARD BOOK NUMBER
International Standard Book Number 100070151393
Terms of availability 295.00
035 ## - SYSTEM CONTROL NUMBER
System control number EN-79537 B-422856-865
037 ## - SOURCE OF ACQUISITION
Source of stock number/acquisition DBAD/PUB
037 ## - SOURCE OF ACQUISITION
Source of stock number/acquisition K.K.Pub/Ven
040 ## - CATALOGING SOURCE
Original cataloging agency DPL
082 ## - DEWEY DECIMAL CLASSIFICATION NUMBER
Classification number 621.3822
100 ## - MAIN ENTRY--PERSONAL NAME
Personal name Kani, A Nagoor
9 (RLIN) 28384
245 ## - TITLE STATEMENT
Title Signals and systems /
Statement of responsibility, etc by A. Nagoor Kani
260 ## - PUBLICATION, DISTRIBUTION, ETC. (IMPRINT)
Place of publication, distribution, etc New Delhi
Name of publisher, distributor, etc Tata McGraw-Hill Education
Date of publication, distribution, etc 2010
270 ## - ADDRESS
Address 7, West Patel Nagar
City New Delhi
Postal code 110008
300 ## - PHYSICAL DESCRIPTION
Extent Various paging
Dimensions 24cm.(Pbk)
500 ## - GENERAL NOTE
General note Includes index
700 ## - ADDED ENTRY--PERSONAL NAME
Personal name Ranjan, Rakesh
9 (RLIN) 28385
942 ## - ADDED ENTRY ELEMENTS (KOHA)
Source of classification or shelving scheme Dewey Decimal Classification
Item type English Books
Call number suffix KAN
Classification part 621.3822
Holdings
Withdrawn status Lost status Source of classification or shelving scheme Materials specified (bound volume or other part) Damaged status Not for loan Collection code Home library Current library Date acquired Source of acquisition Cost, normal purchase price Total Checkouts Full call number Barcode Date last seen Copy number Cost, replacement price Koha item type Total Renewals
    Dewey Decimal Classification       Non-fiction Central Library Central Library 02/06/2011 K.K.Pub/2300/9.3.11/77/4.3.11/15.3.11 295.00   621.3822 KAN B-422856 02/06/2011 2 295.00 English Books  
    Dewey Decimal Classification       Non-fiction Central Library Central Library 02/06/2011 K.K.Pub/2300/9.3.11/77/4.3.11/15.3.11 295.00 20 621.3822 KAN B-422857 27/05/2024 2 295.00 English Books 12
    Dewey Decimal Classification Pbk   Not For Loan Non-fiction D.B.Act.Division D.B.Act.Division 09/03/2010 DBAD/PUB 295.00   621.3822 KAN EN-79537 09/04/2010 1 295.00 English Books  
    Dewey Decimal Classification       Non-fiction Mobile Library Mobile Library 02/06/2011 K.K.Pub/2300/9.3.11/77/4.3.11/15.3.11 295.00   621.3822 KAN B-422858 02/06/2011 5 295.00 English Books  
    Dewey Decimal Classification       Non-fiction Mobile Library Mobile Library 02/06/2011 K.K.Pub/2300/9.3.11/77/4.3.11/15.3.11 295.00   621.3822 KAN B-422859 02/06/2011 5 295.00 English Books  
    Dewey Decimal Classification       Non-fiction Mobile Library Mobile Library 02/06/2011 K.K.Pub/2300/9.3.11/77/4.3.11/15.3.11 295.00   621.3822 KAN B-422860 02/06/2011 5 295.00 English Books  
    Dewey Decimal Classification       Non-fiction Mobile Library Mobile Library 02/06/2011 K.K.Pub/2300/9.3.11/77/4.3.11/15.3.11 295.00   621.3822 KAN B-422861 02/06/2011 5 295.00 English Books  
    Dewey Decimal Classification       Non-fiction Mobile Library Mobile Library 02/06/2011 K.K.Pub/2300/9.3.11/77/4.3.11/15.3.11 295.00   621.3822 KAN B-422862 02/06/2011 5 295.00 English Books  
  Lost and Paid For Dewey Decimal Classification       Non-fiction Patel Nagar Patel Nagar 02/06/2011 K.K.Pub/2300/9.3.11/77/4.3.11/15.3.11 295.00   621.3822 KAN B-422863 02/06/2011 1 295.00 English Books  
    Dewey Decimal Classification       Non-fiction Sarojini Nagar Sarojini Nagar 02/06/2011 K.K.Pub/2300/9.3.11/77/4.3.11/15.3.11 295.00 4 621.3822 KAN B-422864 09/07/2020 1 295.00 English Books 3
    Dewey Decimal Classification       Non-fiction Shahdara Branch Shahdara Branch 02/06/2011 K.K.Pub/2300/9.3.11/77/4.3.11/15.3.11 295.00   621.3822 KAN B-422865 02/06/2011 1 295.00 English Books  

© Delhi Public Library
Hit Counter
free hit counter